Are all labor regulations equal?: assessing the effects of job security, labor dipute, and contract labor laws in India (Record no. 34815)

MARC details
000 -LEADER
fixed length control field 00750nam a2200181 a 4500
008 - FIXED-LENGTH DATA ELEMENTS--GENERAL INFORMATION
fixed length control field 080924s2007 ||||||||||||||||| || u
050 ## - LIBRARY OF CONGRESS CALL NUMBER
Classification number IBRD(08)PRWP/4259
100 ## - MAIN ENTRY--PERSONAL NAME
Personal name Ahsan, Ahmad
245 10 - TITLE STATEMENT
Title Are all labor regulations equal?: assessing the effects of job security, labor dipute, and contract labor laws in India
260 ## - PUBLICATION, DISTRIBUTION, ETC.
Place of publication, distribution, etc. Washington, D. C.
Name of publisher, distributor, etc. World Bank
Date of publication, distribution, etc. 2007
300 ## - PHYSICAL DESCRIPTION
Extent 50p. :ill.
350 ## - PRICE (NR) (BK AM CF MU VM SE) [OBSOLETE]
Price 0.00
650 ## - SUBJECT ADDED ENTRY--TOPICAL TERM
Topical term or geographic name entry element LABOR DISPUTE RESOLUTION--RESEARCH
650 ## - SUBJECT ADDED ENTRY--TOPICAL TERM
Topical term or geographic name entry element CONTRACT LABOR--RESEARCH
650 ## - SUBJECT ADDED ENTRY--TOPICAL TERM
Topical term or geographic name entry element JOB SECURITY--RESEARCH
700 ## - ADDED ENTRY--PERSONAL NAME
Personal name Pages, Carmen
995 ## - RECOMMENDATION 995 [LOCAL, UNIMARC FRANCE]
-- 0.00
-- CBU-MAIN LIBRARY (Kitwe)
-- 1
-- 0.00
-- 1
-- AVAILABLE
-- Sep 24, 2008
-- International Publications
Holdings
Withdrawn status Lost status Source of classification or shelving scheme Damaged status Not for loan Home library Current library Shelving location Date acquired Total Checkouts Full call number Barcode Date last seen Price effective from Koha item type
          CBU-MAIN LIBRARY, KITWE. CBU-MAIN LIBRARY, KITWE.   11/30/2022   IBRD(08)PRWP/4259 Z03002889 11/30/2022 11/30/2022 MONOGRAPH